World Languages by Clue #2 - Statistics

General Stats
  • This quiz has been taken 21,001 times
  • The average score is 12 of 17
Answer Stats
Clue Language % Correct
Spoken as a second language by more than 1 billion people English
99%
Language of the Quran Arabic
96%
South African language based on Dutch Afrikaans
88%
In orchestral sheet music, most words are written in this language Italian
79%
Also known as Castilian Spanish
73%
Official language of Myanmar Burmese
69%
The language that is most similar to Slovak Czech
69%
Official language of Cambodia Khmer
69%
Variant of Hindustani that is an official language in Pakistan Urdu
68%
Original language of "The Ugly Duckling" and "The Little Mermaid" Danish
67%
Spoken in parts of Spain and France, it is not closely related to any other language Basque
64%
Dialects included Attic, Doric, and Ionic Ancient Greek
63%
The world's most spoken constructed language, it was created in 1887 Esperanto
59%
The sacred language of Hinduism, it currently has no native speakers Sanskrit
58%
Words in this language include chutzpah, klutz, and schmooze Yiddish
58%
Most common language spoken by Native American "code talkers" in WWII Navajo
53%
Two countries speak this language. One calls it Hangugeo. The other calls it Chosŏnŏ. Korean
51%
No matching quizzes found
Score Distribution
Percent of People with Each Score
Percentile by Number Answered
Your Score History
You have not taken this quiz